Pedagogía general
Сохранить в:
| Главный автор: | |
|---|---|
| Формат: | |
| Язык: | испанский |
| Опубликовано: |
Buenos Aires
Kapelusz
1972
|
| Серии: | Colección Universitaria. Serie Filosofía y Ciencias Sociales
|
| Предметы: | |
| Метки: |
Добавить метку
Нет меток, Требуется 1-ая метка записи!
|
MARC
| LEADER | 00000nam a2200000 a 4500 | ||
|---|---|---|---|
| 001 | UCW5406 | ||
| 003 | CL-VaPUC | ||
| 008 | 910417e19720000AG |||||||||||||||||spa|d | ||
| 082 | 0 | 4 | |a 370.1 |b NAS |2 21 |
| 100 | |a Nassif, Ricardo |e autor |9 310372 | ||
| 245 | 1 | 0 | |a Pedagogía general |
| 300 | |a 305 p | ||
| 942 | |c BK | ||
| 945 | |d 19910417 00:00:00 | ||
| 260 | |a Buenos Aires |b Kapelusz |c 1972 | ||
| 650 | 0 | |a Pedagogía |9 255351 | |
| 650 | 0 | |a Filosofía de la educación |9 258384 | |
| 583 | |a last modification |c 19910417 00:00:00 |k Rodrigo Vera | ||
| 490 | 0 | |a Colección Universitaria. Serie Filosofía y Ciencias Sociales | |
| 999 | |c 218851 |d 218849 | ||
| 952 | |0 0 |1 0 |4 0 |6 370_100000000000000_NAS_1972 |7 0 |8 P |9 209054 |a BIBEDU |b BIBEDU |c BIBEDU_PB |d 2019-11-15 |i 2768690 |o 370.1 NAS 1972 |p 2768690 |r 2024-01-25 |w 2019-11-15 |y BK |k EDU | ||
| 952 | |0 0 |1 0 |4 0 |6 370_100000000000000_NAS_1972 |7 0 |8 P |9 209055 |a BIBEDU |b BIBEDU |c BIBEDU_PB |d 2019-11-15 |i 2768704 |o 370.1 NAS 1972 |p 2768704 |r 2024-01-25 |w 2019-11-15 |y BK |k EDU | ||
| 952 | |0 0 |1 0 |4 0 |6 370_100000000000000_NAS_1972 |7 0 |8 P |9 209056 |a BIBEDU |b BIBEDU |c BIBEDU_PB |d 2019-11-15 |i 1547704 |o 370.1 NAS 1972 |p 1547704 |r 2024-01-25 |w 2019-11-15 |y BK |k EDU | ||
| 952 | |0 0 |1 0 |4 0 |6 370_100000000000000_NAS_1972 |7 0 |8 P |9 209057 |a BIBEDU |b BIBEDU |c BIBEDU_PB |d 2019-11-15 |i 1547712 |o 370.1 NAS 1972 |p 1547712 |r 2024-01-25 |w 2019-11-15 |y BK |k EDU | ||